Every Country's Favorite Eurovision 2023 - Statistics

General Stats
  • This quiz has been taken 163 times
  • The average score is 15 of 18
Answer Stats
Jury Televote To % Correct
Albania, Cyprus, Denmark, Estonia, Finland, Germany, Ireland, Israel, Lithuania, Malta, Moldova, Netherlands, Spain, Ukraine, United Kingdom Sweden
100%
Norway, Sweden Australia, Austria, Belgium, Denmark, Estonia, Germany, Iceland, Ireland, Israel, Latvia, Lithuania, Netherlands, Norway, San Marino, Serbia, Spain, Sweden, United Kingdom Finland
99%
Armenia, Azerbaijan, France, Italy, Poland Armenia, Azerbaijan, Cyprus, Rest of the World Israel
95%
Austria, Croatia, Romania, San Marino, Slovenia Albania, Malta Italy
95%
Iceland, Portugal Australia
89%
Czechia Czechia, Moldova, Poland, Portugal Ukraine
88%
Australia, Georgia, Greece Belgium
87%
Finland Norway
87%
Greece Cyprus
82%
Latvia Estonia
82%
Belgium Austria
80%
France, Georgia Armenia
79%
Slovenia Croatia
79%
Switzerland Czechia
79%
Ukraine Poland
79%
Serbia Croatia Slovenia
76%
Switzerland Albania
70%
Italy, Romania Moldova
68%
No matching quizzes found
Score Distribution
Percent of People with Each Score
Percentile by Number Answered
Your Score History
You have not taken this quiz